000 00879nam a2200265Ia 4500
003 OSt
005 20221005075952.0
006 a|||||r|||| 00| 0
007 ta
008 221004b |||||||| |||| 00| 0 san d
020 _a9788189738341 (pbk)
_c895
024 _a96188
037 _bDU66, 17/03/2009, Independent Publishers Group
_cTextual
040 _aCRL
_cCRL
_bsan
041 _2san
_asan
082 _aO15,1A1:g(S:55), f111[P9]
100 _aLosty J. P.
_9278058
245 0 _aRamayana
_b The mewar Ramayana manuscripts
260 _aNew Delhi
_bNiyogi Books India
_c2009
300 _a21p.+127 Plate.
_ccm.
490 _aLove and valour in India's gerat epic
650 _aSANSKRIT LITERATURE
942 _hO15,1A1:g(S:55), f111[P9]
_cTEXL
_2cc
999 _c985473
_d985473